00782nam a2200205Ia 4500001000700000003000500007008004100012010001100053040000900064100002900073245014000102260003600242300001000278440000500288500000500293503000500298650003600303650002700339650021000366Z_2034CHAP220113s1997 xx 000 0 und d a165107 cCHAP aRivera Vitales, Martín aOportunidades para el desarrollo de la ganadería productora de carne en México /cpor Martín Rivera Vitales... /cy otros /c aMéxico, D. F. :bFIRA,c1997 a52 p. a a a aBovinos de carnexProducción  aGanaderíaxMéxico  aMéxicoxGanadería I. Espinosa Góngora, Francisco II. Mireles León, Marco A. III. Floriuk González, Fernando IV. Iruegas Evaristo, Luis V. Fideicomisos Instituidos en Relación con la Agricultura